Význam marketingu vo finančných inštitúciách

Rozvoj konkurenčného prostredia, orientácia na klienta a marketingový prístup v riadení finančnej inštitúcie. Dôležitá úloha finančného marketingu - prilákať a udržať si zákazníka a budovať s ním trvalé vzťahy. Hlavné trendy, na ktoré musí finančná inštitúcia vo vzťahu ku klientom reagovať.

Salvato in:
Dettagli Bibliografici
Autore principale: Hasprová, Mária, 1970-
Altri autori: Žák, Štefan, 1971-
Natura: Capitolo di libro
Lingua:slovacco
Soggetti:
Tags: Aggiungi Tag
Nessun Tag, puoi essere il primo ad aggiungerne!!

MARC

LEADER 00000naa$a2200000$$$4500
001 0035827
005 20240502071448.9
041 0 |a slo 
044 |a SK 
245 1 0 |a Význam marketingu vo finančných inštitúciách  |c Mária Hasprová, Štefan Žák 
520 |a Rozvoj konkurenčného prostredia, orientácia na klienta a marketingový prístup v riadení finančnej inštitúcie. Dôležitá úloha finančného marketingu - prilákať a udržať si zákazníka a budovať s ním trvalé vzťahy. Hlavné trendy, na ktoré musí finančná inštitúcia vo vzťahu ku klientom reagovať. 
610 2 0 |a banky 
610 2 0 |a financie 
610 2 0 |a služby finančné 
610 2 0 |a riadenie podnikové 
610 2 0 |a marketing 
610 2 0 |a klienti 
610 2 0 |a konkurencia 
610 2 0 |a konkurencieschopnosť 
610 2 0 |a komunikácia 
100 1 |a Hasprová, Mária, 1970- 
700 1 |a Žák, Štefan, 1971-